000 00285nam a22001337a 4500
008 170929b xxu||||| |||| 00| 0 eng d
020 _a0205575277
041 _aeng
080 _a37
100 _a47
101 _aEDU
245 _aEXAMINATION COPY
_cGOLDSTEIN,J,S
942 _2udc
_cBK
999 _c30784
_d30784